Texas Quiz by Letter - K - Statistics

General Stats
  • This quiz has been taken 8 times
  • The average score is 5 of 10
Answer Stats
Question Answer % Correct
This president was assassinated in Dallas in 1963 John F. Kennedy
100%
Cult leader in Waco that led to a fiery demise David Koresh
75%
Football stadium that is the home of the Texas A&M Aggie football team Kyle Field
75%
Animated show about a propane salesman set in the fictional suburb of Arlen, TX King of the Hill
63%
Suburb of Houston that is about 30 miles west of downtown Katy
50%
City in the Texas Hill Country that was hit with heaving flooding in 2025 that lead to the death of over 135 people Kerrville
38%
Largest ranch in the U.S. located in South Texas King Ranch
38%
City that has a college apart of the Texas A&M University System and home of Eva Longoria Kingsville
38%
This Czech Bakery in West, TX is known for what? Kolaches
38%
Sausage company that started in San Antonio Kiolbassa
0%
No matching quizzes found
Score Distribution
Percent of People with Each Score
Percentile by Number Answered
Your Score History
You have not taken this quiz